000 00440nmm a2200157Ia 4500
008 251105s9999||||xx |||||||||||||||||und||
020 _a9789562845892
041 _aspa
100 _aPoblete, Nicolás
245 0 _aFrivolidades
264 _a[Santiago de Chile, Chile] :
_bRil editores,
_c2008
300 _a280 páginas
650 _aLatin American narrative
856 _uhttps://public.digitaliapublishing.com/a/29727
942 _cCF
999 _c94407
_d94407